<?xml version="1.0" encoding="UTF-8"?>
<record
    xmlns:xsi="http://www.w3.org/2001/XMLSchema-instance"
    xsi:schemaLocation="http://www.loc.gov/MARC21/slim http://www.loc.gov/standards/marcxml/schema/MARC21slim.xsd"
    xmlns="http://www.loc.gov/MARC21/slim">

  <leader>02063nam a2200289Ia 4500</leader>
  <controlfield tag="001">G9949</controlfield>
  <controlfield tag="003">IT-RoPAU</controlfield>
  <controlfield tag="008">130308s9999    xx            000 0 und d</controlfield>
  <datafield tag="040" ind1=" " ind2=" ">
    <subfield code="a">IT-RoPAU</subfield>
  </datafield>
  <datafield tag="040" ind1=" " ind2=" ">
    <subfield code="c">IT-RoPAU</subfield>
  </datafield>
  <datafield tag="041" ind1=" " ind2=" ">
    <subfield code="a">FRANCESE</subfield>
  </datafield>
  <datafield tag="100" ind1=" " ind2=" ">
    <subfield code="a">Siracusa Jacques</subfield>
  </datafield>
  <datafield tag="100" ind1=" " ind2=" ">
    <subfield code="g">Codice Aut. SPICS: 56226</subfield>
  </datafield>
  <datafield tag="245" ind1=" " ind2=" ">
    <subfield code="a">Jt (Le), machine a decrire. Sociologie du travail des reporters a la television</subfield>
  </datafield>
  <datafield tag="245" ind1=" " ind2=" ">
    <subfield code="b">Jt (Le), Machine a Decrire. Sociologie Du Travail des reporters a la Television</subfield>
  </datafield>
  <datafield tag="250" ind1=" " ind2=" ">
    <subfield code="a">1a ed.</subfield>
  </datafield>
  <datafield tag="260" ind1=" " ind2=" ">
    <subfield code="a">PARIS/BRUXELLES</subfield>
  </datafield>
  <datafield tag="260" ind1=" " ind2=" ">
    <subfield code="b">De Boeck/Larcier</subfield>
  </datafield>
  <datafield tag="260" ind1=" " ind2=" ">
    <subfield code="c">2001 [1&#xB0; Ed.:2001 - Ed.Ling.Originale:2001]</subfield>
  </datafield>
  <datafield tag="300" ind1=" " ind2=" ">
    <subfield code="a">"300 p. (prefazione: no ; testo: 300 [pagine: 0-0])"</subfield>
  </datafield>
  <datafield tag="500" ind1=" " ind2=" ">
    <subfield code="a">"Telegiornale (Jt): Sociologia del Lavoro dei reporters Televisivi. si Tenta Qui di Descrivere l'organizzazione dei Restroscena, la Sua Evoluzione e la Sua Influenza Sul Contenuto visibile del Reportage. rassegna Stampa, documentazione e Videoteca: Segnalazione e Riciclaggio. conferenza di Redazione: Definizione collettiva dei Comandi; carriera Burocratica dei redattori Dalla redazione All'Edizione. preparazione dei Reportages: Ricerca e Accesso Alle Fonti; Strumenti di Comunicazione a doppio Scatto. Cameramen (Jri): Dall'Autonomia Tecnica Alla Separazione Professionale; Trasformazione del Mestiere di Cameraman di Attualita'; Formazione e carriere nelle Redazioni Nazionali. Riprese: Attese dell'Ufficio e Azione Sul Campo. Angolazione e Dispositivo di Ripresa: Intermediari di Conoscenza. Allegoria Come Retorica Giornalistica. riprese Organizzate Dalla Fonte: collaborazione Interprofessionale; Spettacolo e reportages Politici. Organizzazione del Montaggio: montaggio Audiovisivo e di Attualit&#xE0;. montaggio e Smontaggio della Ripresa. Assemblaggio delle immagini e dei Suoni: Concezione Giornalistica del Montaggio; Trattamento delle immagini Mute e Sonore; Stile dell'Assemblaggio. Bibliografia."</subfield>
  </datafield>
  <datafield tag="650" ind1=" " ind2=" ">
    <subfield code="a">GENERI TELEVISIVI</subfield>
  </datafield>
  <datafield tag="650" ind1=" " ind2=" ">
    <subfield code="e">Codice materia Spics: 6960</subfield>
  </datafield>
  <datafield tag="942" ind1=" " ind2=" ">
    <subfield code="c">BK</subfield>
  </datafield>
  <datafield tag="957" ind1=" " ind2=" ">
    <subfield code="7">1</subfield>
  </datafield>
  <datafield tag="999" ind1=" " ind2=" ">
    <subfield code="c">94098</subfield>
    <subfield code="d">94098</subfield>
  </datafield>
  <datafield tag="999" ind1=" " ind2=" ">
    <subfield code="g">1</subfield>
  </datafield>
  <datafield tag="952" ind1=" " ind2=" ">
    <subfield code="0">0</subfield>
    <subfield code="1">0</subfield>
    <subfield code="4">0</subfield>
    <subfield code="6">G_000000000000000_9949</subfield>
    <subfield code="7">1</subfield>
    <subfield code="a">SPICS</subfield>
    <subfield code="b">SPICS</subfield>
    <subfield code="d">2013-03-08</subfield>
    <subfield code="l">0</subfield>
    <subfield code="o">G9949</subfield>
    <subfield code="r">2013-03-08 00:00:00</subfield>
    <subfield code="w">2013-03-08</subfield>
    <subfield code="y">BK</subfield>
    <subfield code="z">Progressivo inserimento:  44954 /  N. Volumi: 1 Copie: 1  / data import: 1 marzo 2013 - By Epidotti, Trombetti, Vaglietti. </subfield>
  </datafield>
</record>
